Statistics for Eminem - Monster (ft. Rihanna) Lyrics (Short)

Click here to take the quiz!

General Stats

  • This quiz has been taken 712 times
  • The average score is 7 of 21

Answer Stats

Hint Answer % Correct
I'm friends with the ___ that's under my bedmonster
100%
Get along with the ___ inside of my headvoices
96%
You're trying to __ __, stop holding your breathsave me
82%
And you think I'm ___, yeah, you think I'm ___crazy crazy
54%
Wanted to be left alone in public. ___ __excuse me
54%
Wanted to receive ___ for my musicattention
50%
Oh, well, guess ___ can't be chooseybeggars
49%
I wanted the fame, but not the cover of ___newsweek
45%
For wanting my __ and eat it too, and wanting it both wayscake
43%
'Cause all I wanted to do is be the __ __of loose leafBruce Lee
37%
Hit the ___, oh weelottery
35%
Fame made me a ___ 'cause my ego __balloon inflated
28%
When I blew; see, but it was ___confusing
27%
Abused ink, used it as a tool when I __ __ (wooh!)blew steam
24%
But with what I gave up to get it was ___bittersweet
2%
It was like __ a used minkwinning
1%
I'm beginning to __ __: one sheep, two sheeplose sleep
1%
Ironic 'cause I think I'm getting so huge __ __ __ __i need a shrink
0%
__ __ and cooky as Kool Keithgoing cuckoo
0%
But I'm actually __ __ __ __weirder than you think
0%
'Cause I'm __ __ __ __ that's under my bedfriends with the monster
0%

Score Distribution

Percentile by Number Answered

Percent of People with Each Score

Your Score History

You have not taken this quiz